[Event "It (open)"]
[Site "masterchessopen.com Riga (Latvia)"]
[Date "2004.08.19"]
[Round "7"]
[White "Fridman Daniel (GER)"]
[Black "Meijers Viesturs (LAT)"]
[Result "1-0"]
[WhiteElo "2578"]
[BlackElo "2465"]

{ Fridman Daniel (LAT) +0 =1 -0 Fridman Daniel (LAT) +0 =1 -0 } 1.d4 { 1 }
1...Nf6 2.c4 e6 3.Nc3 Bb4 4.e3 c5 5.Ne2 d5 6.a3 Ba5 7.dxc5 dxc4 8.Qxd8+ { ?/=
} ( 8.Qa4+ Nc6 9.Qxc4 Ne5 10.Qa4+ Nfd7 11.Nd4 Bxc3+ 12.bxc3 O-O 13.c6 bxc6
14.Be2 c5 15.Nc6 Nxc6 16.Qxc6 Rb8 17.O-O Bb7 18.Qa4 Qc7 19.c4 Bc6 20.Qc2 Nb6
21.Bd2 Qb7 22.f3 Ba4 23.Qc3 Nd7 24.Qa5 Qb2 25.Kf2 Bc6 26.Rfb1 Qc2 27.Rc1 Qa4 {
...1-0, Drazic Sinisa 2499 - Andreoli Renato 2200 , Bratto 1988 } ) 8...Kxd8
9.Bd2 Nbd7 ( 9...e5 10.Ne4 Nc6 11.N2c3 Bxc3 12.Nxc3 Be6 13.f3 Nd7 14.Ne4 f5
15.Nd6 Nxc5 16.Nxc4 Nb3 17.Rd1 Nxd2 18.Nxd2 Ke7 19.Bc4 Rac8 20.Bxe6 Kxe6
21.Ke2 { 1/2-1/2, Lautier Joel 2653 - Tkachiev Vladislav 2632 , Enghien 2001
It (cat.17) } ) 10.Ng3 Nxc5 ( 10...Nd5 11.Nxd5 Bxd2+ 12.Kxd2 exd5 13.Rd1 Kc7
14.Kc3 Kc6 15.e4 Nf6 16.exd5+ Nxd5+ 17.Kc2 Kxc5 18.Ne4+ Kc6 19.Bxc4 Be6 20.Rd4
Rhd8 21.Rhd1 Rd7 22.b4 Rad8 23.Kc1 Nc7 24.Rxd7 Rxd7 25.Rxd7 Kxd7 26.Nc5+ Kc6
27.Nxe6 Nxe6 28.Kd2 Kd6 29.Ke3 Ke5 30.h4 { ...1-0, Smirnov Artem 2421 -
Lushenkov Mikhail 2288 , Samara 3. 3.2004 Ch Russia (juniors) (under 20) } )
11.Bxc4 { } 11...Ncd7 { N } ( 11...Bc7 12.Rd1 ( 12.O-O a6 13.b4 Ncd7 14.Be2
Ke7 15.Rac1 b6 16.f4 Bb7 17.e4 Rhc8 18.e5 Nd5 19.Bf3 b5 20.Nxd5+ Bxd5 21.Bxd5
exd5 22.Nf5+ Kf8 23.Kf2 g6 24.Ne3 Bb6 25.Kf3 Bxe3 26.Bxe3 h5 27.Rfd1 Rxc1
28.Rxc1 Ke7 29.Rc7 a5 30.Bc5+ Kd8 31.Rc6 { ...1-0, Fish Gennadij 2487 - Ballo
Emanuel 2221 , Senden 1999 Cup NRW } ) 12...a6 13.e4 Bd7 14.f4 Bc6 15.e5 Nfd7
16.Be3 Ke7 17.O-O Rhc8 18.Ba2 Bb6 19.Rfe1 Na4 20.Nxa4 Bxe3+ 21.Rxe3 Bxa4
22.Rd2 Rc1+ 23.Kf2 Rac8 24.Ne4 R8c2 25.Rxc2 Rxc2+ 26.Re2 Rxe2+ 27.Kxe2 Bc6
28.Ke3 Nb6 29.g3 Na4 30.b3 Bxe4 31.bxa4 { ...1/2-1/2, Ivkov Borislav 2560 -
Donner Jan-Hein 2500 , Amsterdam 1971 It "IBM" (cat.11) } ) 12.Be2 a6 13.O-O
Bc7 14.Rac1 b5 15.Nce4 h6 { ? } ( { ? } 15...Nxe4 16.Nxe4 h6 17.Bf3 Bb7 { } )
16.Nxf6 gxf6 17.Rfd1 Bb7 18.Bc3 Be5 19.Nh5 Bd5 20.e4 Bb3 21.Rd2 Rc8 22.Nxf6
Ke7 23.Nxd7 Rxc3 24.Rxc3 Bxc3 25.bxc3 Rd8 26.Rb2 Bc4 27.Ne5 { } {#r} 1-0

[Event "It (open)"]
[Site "masterchessopen.com Sautron (France)"]
[Date "2004.10.28"]
[Round "6"]
[White "De Lagontrie Jean (FRA)"]
[Black "Primel Dominique (FRA)"]
[Result "0-1"]
[WhiteElo "2007"]
[BlackElo "2127"]

1.d4 Nf6 2.c4 e6 3.Nc3 Bb4 4.e3 c5 5.Ne2 b6 6.a3 Ba5 7.Rb1 Na6 8.Bd2 O-O 9.d5
Qe7 10.g3 exd5 11.cxd5 d6 12.Nf4 Bxc3 13.Bxc3 Nc7 14.Bg2 Ba6 15.h4 Rab8 16.g4
Rfe8 17.Bxf6 Qxf6 18.Bf1 Qxf4 19.Bxa6 Qe4 20.O-O Nxa6 21.Qe2 Nc7 22.Rbc1 Nxd5
23.Qc4 Nc7 {#R} 0-1

[Event "Ch USA"]
[Site "masterchessopen.com San Diego (USA)"]
[Date "2004.11.30"]
[Round "6"]
[White "Zatonskih Anna (USA)"]
[Black "Browne Walter S (USA)"]
[Result "1-0"]
[WhiteElo "2440"]
[BlackElo "2455"]

1.d4 Nf6 2.c4 e6 3.Nc3 Bb4 4.e3 c5 5.Ne2 cxd4 6.exd4 d5 7.a3 Be7 8.Nf4 dxc4
9.Bxc4 O-O 10.O-O Nc6 11.Be3 Bd6 12.Nh5 Nd5 13.Qf3 Qh4 14.g3 Nxd4 15.Qd1 Nxe3
16.fxe3 Nf3+ 17.Qxf3 Qxc4 18.Ne4 Be5 19.Rac1 Qd3 20.Rcd1 {#r} 1-0

[Event "Bundesliga B West 2004/05"]
[Site "masterchessopen.com Austria"]
[Date "2004.12.03"]
[Round "3"]
[White "Maier Peter (AUT)"]
[Black "Neuschmied Siegfried (AUT)"]
[Result "1-0"]
[WhiteElo "2182"]
[BlackElo "2218"]

1.d4 Nf6 2.c4 e6 3.Nc3 Bb4 4.e3 c5 5.Ne2 d5 6.a3 cxd4 7.exd4 Be7 8.c5 b6 9.b4
bxc5 10.dxc5 O-O 11.g3 a5 12.Rb1 axb4 13.axb4 Na6 14.Bg2 Rb8 15.Ba3 Qc7 16.O-O
Ng4 17.Nf4 Nf6 18.Re1 Rd8 19.Nd3 Bf8 20.Qe2 Ra8 21.Bc1 Bb7 22.Bf4 Qd7 23.Ne5
Qe8 24.Rec1 Nb8 25.Ra1 Nfd7 26.Rxa8 Bxa8 27.Nb5 Nxe5 28.Bxe5 Nc6 29.Nc7 Qd7
30.b5 Ne7 31.Nxa8 Rxa8 32.c6 Qa7 33.Qb2 Rc8 34.b6 {#r} 1-0

[Event "It (open)"]
[Site "masterchessopen.com Bethune (France)"]
[Date "2004.12.28"]
[Round "4"]
[White "Bratanov Zsivko (BUL)"]
[Black "Israel Gregory (FRA)"]
[Result "1-0"]
[WhiteElo "2448"]
[BlackElo "2149"]

1.d4 Nf6 2.c4 e6 3.Nc3 Bb4 4.e3 c5 5.Ne2 cxd4 6.exd4 b6 7.a3 Be7 8.d5 exd5
9.cxd5 d6 10.Nd4 O-O 11.Bc4 Ng4 12.O-O Bf6 13.h3 Ne5 14.Ba2 Ba6 15.Ncb5 Nbd7
16.f4 Ng6 17.Nc6 Qc8 18.a4 Nc5 19.Nxd6 Qd7 20.Nb5 Rfe8 21.Bc4 Nh4 22.Ra3 Re4
23.Qc2 Qf5 24.b4 Qg6 25.bxc5 Rxc4 26.Qxg6 hxg6 27.Nc7 Rc2 28.Nxa6 Bc3 29.Rxc3
Rxc3 30.d6 Rd3 31.Nab4 {#r} 1-0

[Event "Ch Belgium (team) 2004/05"]
[Site "masterchessopen.com Belgium"]
[Date "2005.03.06"]
[Round "10"]
[White "Gurevich Mikhail (TUR)"]
[Black "Van Beers Eddy (BEL)"]
[Result "1-0"]
[WhiteElo "2652"]
[BlackElo "2370"]

1.d4 Nf6 2.c4 e6 3.Nc3 Bb4 4.e3 c5 5.Ne2 d5 6.a3 Bxc3+ 7.Nxc3 cxd4 8.exd4 dxc4
9.Bxc4 Nc6 10.Be3 O-O 11.O-O b6 12.Qf3 Bb7 13.Qh3 Ne7 14.Rad1 Ng6 15.Bd3 Nd5
16.Qg3 Qd7 17.h4 f5 18.Bg5 Rac8 19.Rc1 Nf6 20.Be2 f4 21.Qh3 Ne4 22.Bg4 Nxg5
23.hxg5 Rce8 24.Rfe1 Kh8 25.Bxe6 Qxd4 26.Bf5 Qd6 27.Rxe8 Rxe8 28.Rd1 Qc6
29.Bd7 Bc8 30.Bxc6 {#r} 1-0

[Event "Ch Croatia (juniors) (team) (under 20)"]
[Site "masterchessopen.com Sv. Filip i Jakov (Croatia)"]
[Date "2005.03.30"]
[Round "2"]
[White "Rukavina Dario (CRO)"]
[Black "Plenkovic Bozidar (CRO)"]
[Result "1-0"]
[WhiteElo "2225"]
[BlackElo "2111"]

1.d4 Nf6 2.c4 e6 3.Nc3 Bb4 4.e3 c5 5.Ne2 Qc7 6.a3 cxd4 7.axb4 dxc3 8.Nxc3 Nc6
9.Nb5 Qb8 10.Nd6+ Ke7 11.c5 Nxb4 12.Bd2 Nc6 13.b4 Ne8 14.b5 Ne5 15.Bb4 f6
16.f4 Nf7 17.Be2 a5 18.Ba3 b6 19.Nxc8+ Qxc8 20.Rc1 Kd8 21.Bf3 bxc5 22.Bxc5 Qb8
23.Bxa8 Qxa8 24.O-O g5 25.Qh5 Ned6 26.fxg5 Qd5 27.Rfd1 Qe5 28.Bd4 {#r} 1-0

[Event "Ch Cuba (Gr. B)"]
[Site "masterchessopen.com Santa Clara (Cuba)"]
[Date "2005.04.11"]
[Round "5"]
[White "Hernandez Holden (CUB)"]
[Black "Gongora Maikel (CUB)"]
[Result "1-0"]
[WhiteElo "2483"]
[BlackElo "2484"]

1.d4 Nf6 2.c4 e6 3.Nc3 Bb4 4.e3 c5 5.Ne2 cxd4 6.exd4 O-O 7.a3 Be7 8.Nf4 d5
9.cxd5 Nxd5 10.Ncxd5 exd5 11.Be2 Nc6 12.O-O Bf6 13.Be3 Qd6 14.Nh5 Bf5 15.Bf3
Be4 16.Bf4 Bxf3 17.Bxd6 Bxd1 18.Nxf6+ gxf6 19.Bxf8 Be2 20.Rfe1 Nxd4 21.Bh6 Nc2
22.Rxe2 Nxa1 23.Re3 Kh8 24.Kf1 a5 25.Re7 Kg8 26.Rxb7 Nc2 27.Rc7 Nd4 28.Rd7 Nf5
29.Bf4 Kg7 30.Rxd5 Kg6 31.Bd2 a4 32.Ra5 {#r} 1-0

[Event "It \"]
[Site "masterchessopen.com Pardubice (Czech Republic)"]
[Date "2005.07.21"]
[Round "7"]
[White "Boksinski Jordan (GER)"]
[Black "Smirnov Igor (UKR)"]
[Result "0-1"]
[WhiteElo "2032"]
[BlackElo "2459"]

1.d4 Nf6 2.c4 e6 3.Nc3 Bb4 4.e3 c5 5.Ne2 cxd4 6.exd4 d5 7.a3 Be7 8.Nf4 O-O
9.Be2 Nc6 10.Be3 dxc4 11.Bxc4 Bd6 12.Nd3 Bc7 13.Nb4 Nxb4 14.axb4 Nd5 15.Nxd5
exd5 16.Bb3 Qd6 17.Qd2 Re8 18.f3 Bd7 19.Kf2 Re7 20.g3 Rae8 21.Bf4 Re2+ 22.Qxe2
Rxe2+ 23.Kxe2 Qxb4 24.Bxc7 Qxd4 25.Bf4 Bb5+ 26.Ke1 Qxb2 {#R} 0-1

[Event "It (cat.2) (a)"]
[Site "masterchessopen.com Budapest (Hungary)"]
[Date "2005.09.05"]
[Round "3"]
[White "Harila Per (SWE)"]
[Black "Fodor Tamas (HUN)"]
[Result "0-1"]
[WhiteElo "2144"]
[BlackElo "2178"]

1.d4 Nf6 2.c4 e6 3.Nc3 Bb4 4.e3 c5 5.Ne2 cxd4 6.exd4 d5 7.a3 Be7 8.c5 b6 9.b4
Nc6 10.g3 bxc5 11.dxc5 a5 12.Rb1 axb4 13.axb4 O-O 14.Bg2 Rb8 15.b5 Bxc5
16.bxc6 Rxb1 17.Nxb1 Qb6 18.O-O Qxb1 19.Qa4 Qb6 20.Bg5 Ba6 21.Qc2 Ng4 22.Rb1
Bxf2+ 23.Kh1 Qc5 24.Qxc5 Bxc5 25.Bf3 Ne5 26.Kg2 Bxe2 27.Bxe2 Nxc6 28.Rc1 Be7
{#R} 0-1

[Event "It (open)"]
[Site "masterchessopen.com Port Erin (England)"]
[Date "2005.09.24"]
[Round "1"]
[White "Postny Evgeny (ISR)"]
[Black "Spence David (ENG)"]
[Result "1-0"]
[WhiteElo "2571"]
[BlackElo "2221"]

1.d4 e6 2.c4 Nf6 3.Nc3 Bb4 4.e3 c5 5.Ne2 d5 6.a3 Bxc3+ 7.Nxc3 cxd4 8.exd4 dxc4
9.Bxc4 Nc6 10.Be3 O-O 11.O-O h6 12.Qd2 Ne7 13.Rad1 b6 14.Bd3 Nfd5 15.Rfe1 f5
16.Bf4 Rf6 17.Be5 Rf7 18.Nb5 Nc6 19.Rc1 Nxe5 20.dxe5 Nf4 21.Qxf4 Qxd3 22.Nd6
Rf8 23.Rc7 Qb3 24.h4 Kh7 25.Kh2 Ba6 26.Re3 Qd1 27.Rg3 Rg8 28.Ne4 fxe4 29.Qf6
{#r} 1-0

[Event "It (open)"]
[Site "masterchessopen.com Port Erin (England)"]
[Date "2005.09.25"]
[Round "2"]
[White "Radovanovic Jovica (SRB)"]
[Black "Henrichsen Jens (DEN)"]
[Result "1-0"]
[WhiteElo "2339"]
[BlackElo "2079"]

1.d4 Nf6 2.c4 e6 3.Nc3 Bb4 4.e3 c5 5.Ne2 cxd4 6.exd4 O-O 7.a3 Be7 8.d5 exd5
9.cxd5 Re8 10.d6 Bf8 11.g3 b6 12.Bg2 Nc6 13.O-O Rb8 14.Nb5 Ba6 15.Nec3 Re5
16.Qa4 Bxb5 17.Nxb5 a6 18.Nc3 Bxd6 19.Qxa6 b5 20.Bxc6 Rb6 21.Qa7 dxc6 22.Rd1
Nd5 23.Nxd5 Rxd5 24.Be3 Rb8 25.Rxd5 cxd5 26.Qd4 Be7 27.Rd1 Bf6 28.Qb4 Be7
29.Qb3 Qa5 30.Rxd5 Qe1+ 31.Kg2 Qb1 32.Rxb5 Qe4+ 33.f3 Rxb5 34.Qxb5 Qxe3 {#r}
1-0

[Event "Ch Croatia (team)"]
[Site "masterchessopen.com Sibenik (Croatia)"]
[Date "2005.10.09"]
[Round "11"]
[White "Zaja Ivan (CRO)"]
[Black "Golubovic Boris (CRO)"]
[Result "1-0"]
[WhiteElo "2466"]
[BlackElo "2452"]

1.d4 Nf6 2.c4 e6 3.Nc3 Bb4 4.e3 c5 5.Ne2 cxd4 6.exd4 O-O 7.a3 Be7 8.Nf4 d6
9.Be2 e5 10.Nfd5 Nxd5 11.Nxd5 Nc6 12.Be3 Bg5 13.O-O Bf5 14.Qd2 Bxe3 15.fxe3
Bg6 16.b4 Rc8 17.Rad1 Ne7 18.Nc3 a6 19.c5 Qc7 20.Bc4 Rcd8 21.Qe2 Kh8 22.Nd5
Nxd5 23.Bxd5 f5 24.Qc4 Qe7 25.Qc3 h6 26.cxd6 Qxd6 27.dxe5 Qe7 28.e6 Bh5 29.Qc5
Rd6 30.Bf3 {#r} 1-0

[Event "Ch Netherlands (team) 2005/06"]
[Site "masterchessopen.com Netherlands"]
[Date "2005.10.15"]
[Round "2"]
[White "Fridman Daniel (GER)"]
[Black "Grooten Herman (NED)"]
[Result "1-0"]
[WhiteElo "2564"]
[BlackElo "2350"]

1.d4 Nf6 2.c4 e6 3.Nc3 Bb4 4.e3 c5 5.Ne2 cxd4 6.exd4 O-O 7.a3 Be7 8.Nf4 d6
9.Be3 Nbd7 10.Be2 a6 11.O-O b6 12.Bf3 Rb8 13.Nd3 Bb7 14.d5 Qc8 15.Rc1 e5
16.Nb4 Nc5 17.Qc2 Re8 18.Nc6 Bxc6 19.dxc6 e4 20.Nxe4 Ncxe4 21.Bxe4 Nxe4
22.Qxe4 Bf6 23.Qd5 Bxb2 24.Rb1 Bxa3 25.Bxb6 Re5 26.Qd3 Bc5 27.Bxc5 Rxb1
28.Rxb1 dxc5 29.Qd7 Qf8 30.c7 {#r} 1-0

[Event "It (open)"]
[Site "masterchessopen.com Le Touquet (France)"]
[Date "2005.10.25"]
[Round "3"]
[White "Fache Jean-Louis (FRA)"]
[Black "Bosch Joachim (FRA)"]
[Result "0-1"]
[WhiteElo "1931"]
[BlackElo "2060"]

1.d4 Nf6 2.c4 e6 3.Nc3 Bb4 4.e3 c5 5.Ne2 cxd4 6.exd4 d5 7.a3 Be7 8.Nf4 Nc6
9.Be3 O-O 10.Bd3 dxc4 11.Bxc4 Qc7 12.Nb5 Qd7 13.d5 Ne5 14.d6 Nxc4 15.dxe7 Qxe7
16.Bc1 Bd7 17.Nc3 Bc6 18.O-O e5 19.Qe2 Na5 20.Re1 Nb3 21.Rb1 Qd7 22.Nh3 Nd4
23.Qd1 Qf5 24.Re3 Rad8 25.Bd2 Nf3+ 26.gxf3 Qxh3 27.Ne4 Nxe4 28.fxe4 Qd7 29.Re2
Bb5 30.Re1 Qxd2 31.Qxd2 Rxd2 32.Red1 Rfd8 33.Rxd2 Rxd2 {#R} 0-1

[Event "It \"]
[Site "masterchessopen.com France"]
[Date "2005.11.12"]
[Round "3"]
[White "Brunner Nicolas (FRA)"]
[Black "Bouquin Arnaud (FRA)"]
[Result "1-0"]
[WhiteElo "2392"]
[BlackElo "1877"]

1.d4 Nf6 2.c4 e6 3.Nc3 Bb4 4.e3 c5 5.Ne2 Nc6 6.a3 cxd4 7.exd4 Bxc3+ 8.Nxc3 O-O
9.Bg5 b6 10.Ne4 d5 11.Nxf6+ gxf6 12.Bh6 f5 13.Bxf8 Qxf8 14.cxd5 exd5 15.Be2
Qg7 16.O-O Be6 17.Qd2 Nxd4 18.Rad1 Nb3 19.Qb4 Nc5 20.Qd4 Qg6 21.Qe5 Rc8 22.Rc1
Re8 23.b4 Ne4 24.Rfd1 Qg5 25.Bf3 Nd2 26.Bxd5 Bd7 27.Qg3 Qxg3 28.hxg3 {#r} 1-0

[Event "Ch World (juniors) (under 20) (g)"]
[Site "masterchessopen.com Istanbul (Turkey)"]
[Date "2005.11.14"]
[Round "6"]
[White "Motoc Alina (ROM)"]
[Black "Dzagnidze Nana (GEO)"]
[Result "0-1"]
[WhiteElo "2313"]
[BlackElo "2443"]

1.d4 Nf6 2.c4 e6 3.Nc3 Bb4 4.e3 c5 5.Ne2 cxd4 6.exd4 d5 7.a3 Be7 8.Nf4 Nc6
9.cxd5 Nxd5 10.Ncxd5 exd5 11.g3 g5 12.Nh5 Qb6 13.Be3 Qxb2 14.Be2 Bh3 15.f4 h6
16.Rb1 Qxa3 17.Kf2 O-O-O 18.Qc2 Qd6 19.f5 Kb8 20.g4 Rhe8 21.Qb3 Rd7 22.Ng7 Rc8
23.Nh5 Bf6 24.Qa4 Re7 25.Qa6 Ka8 26.Qb5 Bxd4 27.Bxd4 Nxd4 {#R} 0-1

[Event "Ch World (juniors) (under 20) (g)"]
[Site "masterchessopen.com Istanbul (Turkey)"]
[Date "2005.11.19"]
[Round "10"]
[White "Motoc Alina (ROM)"]
[Black "Ushenina Anna (UKR)"]
[Result "0-1"]
[WhiteElo "2313"]
[BlackElo "2409"]

1.d4 Nf6 2.c4 e6 3.Nc3 Bb4 4.e3 c5 5.Ne2 b6 6.a3 Ba5 7.Rb1 Na6 8.Ng3 Bb7 9.Bd3
Bxg2 10.Rg1 Bb7 11.Bd2 O-O 12.d5 Ne8 13.e4 Qh4 14.Nh5 Kh8 15.Qf3 g6 16.Be2 f5
17.Rg3 gxh5 18.b4 cxb4 19.axb4 Bxb4 20.Rxb4 Nxb4 21.Bg5 Qxh2 22.Qf4 Qh1+
23.Kd2 d6 24.Bh6 h4 25.Rg5 Rf6 26.e5 Rxh6 27.dxe6 Ng7 28.exd6 Rxe6 29.Qd4 Rg6
30.Rxf5 Nc6 31.d7 Nxd4 {#R} 0-1

[Event "Ch England (team) 2005/06 (3 div)"]
[Site "masterchessopen.com England"]
[Date "2005.11.20"]
[Round "4"]
[White "Rees Ioan (WLS)"]
[Black "Winfridsson Ola (SWE)"]
[Result "1-0"]
[WhiteElo "2237"]
[BlackElo "2099"]

1.d4 Nf6 2.c4 e6 3.Nc3 Bb4 4.e3 c5 5.Ne2 b6 6.a3 Ba5 7.Rb1 Qe7 8.Bd2 Na6 9.Nf4
Bb7 10.Be2 Bxc3 11.Bxc3 Ne4 12.Qc2 Nxc3 13.Qxc3 cxd4 14.exd4 Qf6 15.Qe3 O-O
16.O-O Rac8 17.b4 Nc7 18.Rb3 Qg5 19.Qd2 e5 20.dxe5 Ne6 21.g3 Qxe5 22.Nd5 Nd4
23.Re3 {#r} 1-0

[Event "It (open)"]
[Site "masterchessopen.com Queenstown (New Zealand)"]
[Date "2006.01.16"]
[Round "2"]
[White "Feldman Vladimir (AUS)"]
[Black "Hu Jason (AUS)"]
[Result "1-0"]
[WhiteElo "2304"]
[BlackElo "2051"]

1.d4 Nf6 2.c4 e6 3.Nc3 Bb4 4.e3 c5 5.Ne2 Ne4 6.Qc2 f5 7.a3 Qa5 8.Rb1 Bxc3+
9.Nxc3 Nc6 10.dxc5 Nxc3 11.b4 Qc7 12.Qxc3 O-O 13.Bb2 Rf6 14.Be2 b6 15.Qd2 Rg6
16.Qd6 Qd8 17.Bh5 Rh6 18.Bf3 Bb7 19.cxb6 Qxb6 20.Qxd7 Rg6 21.c5 Rd8 22.Qxg7+
Rxg7 23.cxb6 Rgd7 24.bxa7 {#r} 1-0

[Event "Ch France (juniors) (under 20)"]
[Site "masterchessopen.com Aix les Bains (France)"]
[Round "1"]
[White "Vallet Vincent (FRA)"]
[Black "Pile Richard (FRA)"]
[Result "0-1"]
[WhiteElo "1895"]
[BlackElo "2290"]

1.d4 Nf6 2.c4 e6 3.Nc3 Bb4 4.e3 c5 5.Ne2 d5 6.dxc5 O-O 7.a3 Bxc5 8.b4 Bb6
9.cxd5 exd5 10.Nd4 Nc6 11.Nxc6 bxc6 12.Be2 Re8 13.O-O Bc7 14.Bf3 h5 15.Bxh5
Qd6 16.g3 Qe5 17.Bxf7+ Kxf7 18.Bb2 Qf5 19.Qd2 Ba6 20.Rfe1 Re7 21.Nd1 Ne4
22.Qc2 Bc4 23.Nc3 Bd3 {#R} 0-1

[Event "It (open)"]
[Site "masterchessopen.com Oberwart (Austria)"]
[Date "2006.07.14"]
[Round "7"]
[White "Hochstrasser Michael (SUI)"]
[Black "Hera Imre Jr (HUN)"]
[Result "0-1"]
[WhiteElo "2363"]
[BlackElo "2510"]

1.d4 Nf6 2.c4 e6 3.Nc3 Bb4 4.e3 c5 5.Ne2 cxd4 6.exd4 O-O 7.a3 Be7 8.Nf4 d6
9.Be2 e5 10.Nfd5 Nxd5 11.Nxd5 Nc6 12.dxe5 dxe5 13.O-O Bg5 14.Be3 Bxe3 15.fxe3
Qg5 16.b4 Be6 17.Qb3 Rac8 18.Rad1 b6 19.Kh1 h5 20.c5 e4 21.Bc4 Ne5 22.Nxb6
axb6 23.Bxe6 fxe6 24.Qxe6+ Kh7 25.Rxf8 Rxf8 26.cxb6 Ng4 27.Qxe4+ Kh8 28.Kg1
Qh4 29.h3 Qf2+ 30.Kh1 Qf1+ 31.Rxf1 Rxf1# 0-1

[Event "It (cat.8)"]
[Site "masterchessopen.com Budapest (Hungary)"]
[Date "2006.08.06"]
[Round "2"]
[White "Martinovic Sasa (CRO)"]
[Black "Meier Georg (GER)"]
[Result "0-1"]
[WhiteElo "2390"]
[BlackElo "2484"]

1.d4 Nf6 2.c4 e6 3.Nc3 Bb4 4.e3 c5 5.Ne2 cxd4 6.exd4 d5 7.a3 Be7 8.c5 b6 9.b4
O-O 10.Bf4 Bb7 11.Bg3 Nbd7 12.Nc1 bxc5 13.bxc5 e5 14.dxe5 Nxc5 15.Bd3 Qa5
16.Qd2 d4 17.Ne4 Qxd2+ 18.Nxd2 Nh5 19.f3 Nxg3 20.hxg3 Nxd3+ 21.Nxd3 Rfc8
22.Ne4 Bxe4 23.fxe4 Rc3 24.Kd2 Rac8 25.Rhc1 Bg5+ 26.Nf4 h5 27.Rxc3 Rxc3 28.Ke2
Rxg3 29.e6 Kf8 30.Nxh5 Re3+ 31.Kf2 g6 32.e7+ Kxe7 {#R} 0-1

[Event "Ch Spain (team) (Honor gr.2)"]
[Site "masterchessopen.com San Sebastian (Spain)"]
[Date "2006.09.15"]
[Round "3"]
[White "Gelfand Boris (ISR)"]
[Black "Tiviakov Sergei (NED)"]
[Result "1-0"]
[WhiteElo "2733"]
[BlackElo "2680"]

{ Gelfand Boris (ISR) +0 =1 -0 Tiviakov Sergei (NED) +1 =1 -1 } 1.d4 Nf6 2.c4
e6 3.Nc3 Bb4 4.e3 c5 5.Ne2 cxd4 6.exd4 O-O 7.a3 Be7 8.d5 ( 8.Nf4 d5 9.cxd5
Nxd5 10.Ncxd5 exd5 11.Bd3 Nc6 12.O-O Bg5 13.Be3 Bxf4 14.Bxf4 Qf6 15.Be3 Bf5
16.Bb5 a6 17.Bxc6 Qxc6 { 1/2-1/2, Gelfand Boris 2681 - Anand Viswanathan 2762
, Shenyang 2000 Cup FIDE (KO system) } ) 8...exd5 9.cxd5 Re8 10.d6 Bf8 11.g3
Re6 12.Bf4 Nh5 13.Be3 { ?/= } 13...Rxd6 14.Qb3 ( 14.Qc2 Nc6 15.Bg2 Nf6 16.O-O
Re6 17.Rad1 d6 18.Nd4 Nxd4 19.Bxd4 Re8 20.Rc1 Nd7 21.Nb5 Nc5 22.Nxd6 Bxd6
23.Bxc5 Be5 24.b4 g6 25.Rfd1 Qc7 26.Qe4 f5 27.Qd5+ Qf7 28.Re1 Qxd5 29.Bxd5+ {
1-0, Makarov Marat 2370 - Xu Jun 2505 , Belgrade 1988 It (open) } ) ( 14.Nd4
Nc6 15.Ncb5 Rd5 16.Bg2 Re5 17.O-O { +0.44 CAP } ) 14...Nc6 ( 14...Nf6 { -0.15
CAP } ) 15.Bg2 Nf6 ( 15...b6 16.Nb5 Re6 17.Ned4 Re7 18.Qd5 Ba6 19.Qxh5 Nxd4
20.Nxd4 Rc8 21.Qd1 Qe8 22.Kd2 g6 23.Rc1 Bg7 24.Qa4 { 1-0, Tatai Stefano 2490 -
Hmadi Slaheddine 2261 , Lugano 1984 } ) 16.O-O Re6 17.Rad1 ( 17.Nd4 Nxd4
18.Bxd4 Qa5 19.Nd5 Ne4 20.Qa2 Qd8 21.Rac1 Bd6 22.f3 Nf6 23.Bxf6 gxf6 24.f4 Rb8
25.Qb1 b6 26.Qf5 Kh8 27.Qh5 Ba6 { 1/2-1/2, Atalik Suat 2525 - Golod Vitali
2540 , Heraklio 1995 It (open) } ) 17...d6 18.Nd4 Nxd4 { +0.68 CAP N } (
18...Re5 19.Bxc6 Rxe3 20.fxe3 bxc6 21.Ne4 c5 22.Rxf6 gxf6 23.Nc6 Qb6 24.Nxf6+
Kg7 25.Qd5 h6 26.Rf1 Bh3 27.Ne8+ { 1-0, Cebalo Miso 2500 - Murshed Niaz 2460 ,
Subotica 1984 } ) 19.Bxd4 Ne8 20.Nd5 Nc7 21.Rc1 Nxd5 22.Bxd5 Re7 23.Rfe1 Rxe1+
{ ?! } ( 23...Bh3 { !? } 24.Qf3 Rc8 25.Bxb7 Rc4 26.Bc3 Bg4 27.Qd5 Rc5 28.Qd4
Rxb7 29.Qxg4 f5 30.Qh5 { } ) 24.Rxe1 Qc7 25.Re8 Bh3 26.Bxf7+ Kh8 27.Re1 b6
28.Qf3 Rc8 29.g4 Qd7 30.Bh5 Qe7 31.Bc3 Qh4 32.Re3 { } {#r} 1-0

[Event "Ch Nassau Chess Club"]
[Site "masterchessopen.com Mineola (USA)"]
[Date "2006.10.23"]
[Round "2"]
[White "Weser Adam (USA)"]
[Black "Bonin Jay R (USA)"]
[Result "0-1"]
[WhiteElo "2100"]
[BlackElo "2310"]

1.d4 Nf6 2.c4 e6 3.Nc3 Bb4 4.e3 c5 5.Ne2 Nc6 6.a3 Bxc3+ 7.Nxc3 cxd4 8.exd4 d5
9.Bg5 dxc4 10.d5 exd5 11.Bxf6 Qxf6 12.Nxd5 Qxb2 13.Bxc4 Qe5+ 14.Qe2 Qxe2+
15.Kxe2 O-O 16.Rhd1 Be6 17.Rac1 Rfe8 18.Kf1 Rad8 19.Kg1 Kf8 20.Ne3 Bxc4
21.Nxc4 Rxd1+ 22.Rxd1 Rd8 23.Rxd8+ Nxd8 24.Kf1 Ke7 25.Ke2 Ke6 26.Kd3 Nc6 27.a4
Ne5+ 28.Nxe5 Kxe5 {#R} 0-1